Déjanos hablar
Guardado en:
| Institution som forfatter: | |
|---|---|
| Format: | Texto |
| Udgivet: |
Guatemala:
Childhope
|
| Tags: |
Tilføj Tag
Ingen Tags, Vær først til at tagge denne postø!
|
MARC
| LEADER | 00000 a a2200000 04500 | ||
|---|---|---|---|
| 001 | 14331 | ||
| 003 | |||
| 040 | |||
| 090 | |a 028000 | ||
| 110 | |a Childhope | ||
| 245 | |a Déjanos hablar | ||
| 260 | |a Guatemala: |b Childhope | ||
| 300 | |a 6 p. | ||
| 999 | |c 15066 |d 15066 | ||
